Manažérstvo výroby v konkrétnom podniku diplomová práca

Na minha lista:
Detalhes bibliográficos
Autor principal: Belasová, Anna
Autor Corporativo: Podnikovohospodárska fakulta EU so sídlom v Košiciach. Katedra manažmentu
Outros Autores: Bosák, Martin, 1967-
Formato: Livro
Idioma:eslovaco
Publicado em: Košice 2016
Tags: Adicionar Tag
Sem tags, seja o primeiro a adicionar uma tag!

MARC

LEADER 00000nbm a2200000 4500
001 0217607
005 20161213103733.4
041 0 |a slo 
044 |a SK 
245 1 0 |a Manažérstvo výroby v konkrétnom podniku  |b diplomová práca  |c Anna Belasová ; školiteľ: Martin Bosák 
264 1 |a Košice  |c 2016 
300 |a 63 s. 
100 1 |a Belasová, Anna 
700 1 |a Bosák, Martin, 1967- 
710 2 |a Podnikovohospodárska fakulta EU so sídlom v Košiciach. Katedra manažmentu